[Event "Cheliabinsk Lozovatsky Memorial-A"]
[Site "Cheliabinsk"]
[Date "2023.02.01"]
[Round "6"]
[White "Skatchkov, Valery"]
[Black "Minakov, Artemij"]
[Result "1-0"]
[WhiteElo "2226"]
[BlackElo "2029"]
[PlyCount "51"]
[EventDate "2023.01.27"]
[EventType "swiss"]
[EventRounds "10"]
[EventCountry "RUS"]
[SourceTitle "CBM 212 Extra"]
[Source "ChessBase"]
[SourceDate "2023.03.31"]
[SourceVersion "1"]
[SourceVersionDate "2023.03.31"]
[SourceQuality "1"]

1. d4 Nf6 2. Nf3 e6 3. c4 Bb4+ 4. Nbd2 0-0 5. a3 Be7 6. e4 d5 7. e5 Nfd7 8. Bd3 c5 9. h4 h6 10. Bb1 Re8 11. Qc2 Nf8 12. dxc5 Bxc5 13. cxd5 Qxd5 14. Ne4 Be7 15. 0-0 Bd7 16. Rd1 Qa5 17. Bd2 Qa6 18. Bxh6 Ba4 19. b3 Bb5 20. Nf6+ Bxf6 21. exf6 Be2 22. fxg7 Ng6 23. Ng5 Bxd1 24. Qxg6 fxg6 25. Bxg6 Qxa3 26. Bh7# 1-0

[Event "Cheliabinsk Lozovatsky Memorial-A"]
[Site "Cheliabinsk"]
[Date "2023.01.29"]
[Round "3"]
[White "Minakov, Artemij"]
[Black "Zhukov, Anton"]
[Result "1/2-1/2"]
[WhiteElo "2029"]
[BlackElo "2194"]
[PlyCount "118"]
[EventDate "2023.01.27"]
[EventType "swiss"]
[EventRounds "10"]
[EventCountry "RUS"]
[SourceTitle "CBM 212 Extra"]
[Source "ChessBase"]
[SourceDate "2023.03.31"]
[SourceVersion "1"]
[SourceVersionDate "2023.03.31"]
[SourceQuality "1"]

1. d4 d5 2. c4 e6 3. Nf3 Nf6 4. g3 Be7 5. Bg2 0-0 6. Nc3 c6 7. 0-0 b6 8. Bf4 Ba6 9. cxd5 cxd5 10. Ne5 b5 11. a3 Qb6 12. b4 Rc8 13. Rc1 Nc6 14. e4 Nxe5 15. dxe5 Nxe4 16. Nxe4 dxe4 17. Be3 Rxc1 18. Qxc1 Qb8 19. Bxe4 Bb7 20. Qc2 Bxe4 21. Qxe4 a5 22. Rd1 axb4 23. axb4 Ra4 24. Rd7 Bxb4 25. Rb7 Qe8 26. Qd4 Bf8 27. Qb6 Ra8 28. Qxb5 Qxb5 29. Rxb5 h5 30. Bg5 Kh7 31. h4 Ra2 32. Be3 Kg6 33. Rb8 Be7 34. Rb7 Bd8 35. Kg2 Rc2 36. Kf3 Rc4 37. Rb8 Ba5 38. Rb7 Rb4 39. Rxb4 Bxb4 40. Ke4 f6 41. Bd4 Be1 42. Be3 Bc3 43. exf6 gxf6 44. f4 Be1 45. Kf3 Kf5 46. Bd4 Bb4 47. Bb2 Bd6 48. Bd4 e5 49. fxe5 fxe5 50. Bxe5 Bxe5 51. Kg2 Kg4 52. Kh2 Bd4 53. Kg2 Be3 54. Kh2 Kf3 55. Kh1 Kf2 56. Kh2 Bc5 57. Kh3 Kf3 58. Kh2 Bf2 59. Kh1 Kxg3 1/2-1/2

[Event "Cheliabinsk Lozovatsky Memorial-A"]
[Site "Cheliabinsk"]
[Date "2023.01.28"]
[Round "2"]
[White "Ansat, Aldiyar"]
[Black "Minakov, Artemij"]
[Result "1-0"]
[WhiteElo "2313"]
[BlackElo "2029"]
[PlyCount "133"]
[EventDate "2023.01.27"]
[EventType "swiss"]
[EventRounds "10"]
[EventCountry "RUS"]
[SourceTitle "CBM 212 Extra"]
[Source "ChessBase"]
[SourceDate "2023.03.31"]
[SourceVersion "1"]
[SourceVersionDate "2023.03.31"]
[SourceQuality "1"]

1. e4 c6 2. d4 d5 3. Nc3 dxe4 4. Nxe4 Bf5 5. Ng3 Bg6 6. h4 h6 7. Nf3 e6 8. Ne5 Bh7 9. Bd3 Bxd3 10. Qxd3 Nd7 11. Bf4 Ngf6 12. 0-0-0 Nxe5 13. dxe5 Qxd3 14. Rxd3 Nd5 15. Bd2 Be7 16. c4 Nb6 17. b3 Rd8 18. Rxd8+ Kxd8 19. h5 Nd7 20. f4 Kc8 21. Ne4 Nc5 22. Nxc5 Bxc5 23. g4 Bd4 24. Kc2 c5 25. Kd3 Rd8 26. Ke2 Kd7 27. Rh3 Ke8 28. Rd3 a6 29. Ba5 Rc8 30. a4 f6 31. exf6 gxf6 32. Bd2 Kf7 33. b4 f5 34. bxc5 e5 35. fxe5 Bxe5 36. Rd5 Kf6 37. gxf5 Rg8 38. Bxh6 Kxf5 39. Kf3 Rg3+ 40. Kf2 Rg4 41. Be3 Rxc4 42. h6 Rh4 43. Rd7 Ke4 44. Re7 Rh2+ 45. Kg1 Rh4 46. h7 Kxe3 47. Rxe5+ Kd4 48. Re7 Kxc5 49. Rxb7 Kc6 50. Rf7 Kb6 51. Kg2 Ka5 52. Kg3 Rh1 53. Kg4 Rg1+ 54. Kf5 Rh1 55. Kg5 Rg1+ 56. Kf4 Rh1 57. Kg3 Rh6 58. Rf5+ Kxa4 59. Rf4+ Kb3 60. Rh4 Rxh7 61. Rxh7 a5 62. Kf2 a4 63. Ke2 a3 64. Kd2 Kb2 65. Rb7+ Ka1 66. Kc3 a2 67. Re7 1-0

[Event "Chigorin Memorial 29th"]
[Site "St Petersburg"]
[Date "2022.10.23"]
[Round "2"]
[White "Dudkina, Uliana"]
[Black "Minakov, Artemij"]
[Result "0-1"]
[WhiteElo "1593"]
[BlackElo "2034"]
[PlyCount "78"]
[EventDate "2022.10.22"]
[EventType "swiss"]
[EventRounds "9"]
[EventCountry "RUS"]
[SourceTitle "EXT 2024"]
[Source "ChessBase"]
[SourceDate "2023.10.10"]
[SourceVersion "1"]
[SourceVersionDate "2023.10.10"]
[SourceQuality "1"]

1. d4 Nf6 2. c4 Nc6 3. d5 Ne5 4. e4 e6 5. Qc2 Bc5 6. Nc3 0-0 7. Bg5 h6 8. Bh4 Ng6 9. Bg3 Nh5 10. Nf3 d6 11. Bd3 e5 12. 0-0 Bg4 13. Nd2 Ngf4 14. Nb3 Bb6 15. Na4 Nxd3 16. Qxd3 f5 17. Nxb6 fxe4 18. Qxe4 Bf5 19. Qe2 Nxg3 20. hxg3 axb6 21. f4 Re8 22. Qf3 exf4 23. Qxf4 Bg6 24. Rfe1 Rxe1+ 25. Rxe1 Rxa2 26. Qg4 Qg5 27. Qxg5 hxg5 28. Re7 b5 29. Nd4 bxc4 30. Ne6 Bd3 31. Nxg5 g6 32. Rxc7 Rxb2 33. Nh7 b5 34. Nf6+ Kf8 35. Nh7+ Ke8 36. Rc8+ Kd7 37. Rc6 Rb1+ 38. Kh2 Rf1 39. Ng5 Rf5 0-1

[Event "Moscow op-A 17th"]
[Site "Moscow"]
[Date "2021.02.24"]
[Round "5"]
[White "Zulpikarov, Ruslan"]
[Black "Minakov, Artemij"]
[Result "1-0"]
[WhiteElo "1647"]
[BlackElo "1837"]
[PlyCount "102"]
[EventDate "2021.02.20"]
[EventType "swiss"]
[EventRounds "9"]
[EventCountry "RUS"]
[SourceTitle "CBM 200 Extra"]
[Source "ChessBase"]
[SourceDate "2021.03.31"]
[SourceVersion "1"]
[SourceVersionDate "2021.03.31"]
[SourceQuality "1"]

1. e4 c6 2. d4 d5 3. exd5 cxd5 4. Nf3 Nf6 5. Bd3 Nc6 6. c3 Bg4 7. Bf4 e6 8. Qb3 Qc8 9. Nbd2 Be7 10. Ne5 Nxe5 11. dxe5 Nd7 12. Qc2 Bh5 13. 0-0 Bg6 14. Bg3 0-0 15. Bxg6 fxg6 16. Nb3 Bc5 17. Kh1 Qc7 18. a4 Rac8 19. f4 a6 20. Rf3 Rf7 21. Bf2 Rcf8 22. Bxc5 Nxc5 23. Nd4 Qd7 24. Raf1 b5 25. axb5 axb5 26. g4 Re7 27. Qe2 Ne4 28. Nxb5 Nd2 29. Qxd2 Qxb5 30. R1f2 Ref7 31. Kg2 Rb7 32. Qd3 Qa4 33. Kg3 Qa1 34. f5 Qg1+ 35. Kh3 h5 36. Rg2 hxg4+ 37. Rxg4 Qe1 38. Rxg6 Rxb2 39. f6 Rf7 40. Rfg3 Rbb7 41. Rh6 Qe4 42. Qxe4 dxe4 43. fxg7 Rxg7 44. Rxe6 Rxg3+ 45. hxg3 e3 46. Kg2 Rb2+ 47. Kf3 e2 48. Kf2 Rc2 49. Rc6 Kf7 50. g4 e1Q+ 51. Kxe1 Rg2 1-0

[Event "Moscow op-A 17th"]
[Site "Moscow"]
[Date "2021.02.22"]
[Round "3"]
[White "Artemov, Maxim"]
[Black "Minakov, Artemij"]
[Result "1/2-1/2"]
[WhiteElo "1510"]
[BlackElo "1837"]
[PlyCount "91"]
[EventDate "2021.02.20"]
[EventType "swiss"]
[EventRounds "9"]
[EventCountry "RUS"]
[SourceTitle "CBM 200 Extra"]
[Source "ChessBase"]
[SourceDate "2021.03.31"]
[SourceVersion "1"]
[SourceVersionDate "2021.03.31"]
[SourceQuality "1"]

1. d4 Nf6 2. Nf3 e6 3. e3 c5 4. Bd3 Nc6 5. 0-0 Be7 6. b3 0-0 7. Bb2 b6 8. c4 cxd4 9. exd4 d5 10. Ne5 Bb7 11. Nxc6 Bxc6 12. Nc3 Qd7 13. Qc2 Rac8 14. Rad1 Rfd8 15. Rfe1 h6 16. Qe2 Qb7 17. cxd5 Nxd5 18. Nxd5 Rxd5 19. Ba6 Qa8 20. Bxc8 Qxc8 21. Qc4 Rg5 22. g3 b5 23. Qc2 Qa6 24. Rc1 Bb7 25. Re5 Bd6 26. Rxg5 hxg5 27. d5 Bxd5 28. Qc8+ Qxc8 29. Rxc8+ Kh7 30. Bd4 a5 31. Rd8 Ba3 32. Rb8 Bc6 33. Rb6 Be8 34. Rb7 Bc6 35. Rb6 Be8 36. Bc3 a4 37. b4 Kg6 38. Kg2 Kf5 39. Kf3 g4+ 40. Ke3 f6 41. Rb7 g5 42. Kd2 e5 43. Rb6 Bd7 44. Rb7 Bc6 45. Rb6 Bd7 46. Rb7 1/2-1/2

[Event "Moscow op-A 17th"]
[Site "Moscow"]
[Date "2021.02.21"]
[Round "2"]
[White "Minakov, Artemij"]
[Black "Korelskiy, Egor"]
[Result "1/2-1/2"]
[WhiteElo "1837"]
[BlackElo "1371"]
[PlyCount "92"]
[EventDate "2021.02.20"]
[EventType "swiss"]
[EventRounds "9"]
[EventCountry "RUS"]
[SourceTitle "CBM 200 Extra"]
[Source "ChessBase"]
[SourceDate "2021.03.31"]
[SourceVersion "1"]
[SourceVersionDate "2021.03.31"]
[SourceQuality "1"]

1. d4 d5 2. Nf3 e6 3. c4 c6 4. e3 f5 5. Bd3 Nf6 6. 0-0 Bd6 7. b3 Qe7 8. Bb2 0-0 9. Ne5 Nbd7 10. Nd2 Rd8 11. cxd5 exd5 12. f4 Ne4 13. Rc1 Ndf6 14. Rc2 Be6 15. Qe2 Rac8 16. Rfc1 Rc7 17. Ndf3 Rdc8 18. g3 c5 19. dxc5 Rxc5 20. Bd4 Rxc2 21. Rxc2 Nc5 22. Qd1 b6 23. Qc1 Rc7 24. Be2 a5 25. Qb2 Bc8 26. Bb5 Bb7 27. a3 Nfe4 28. b4 axb4 29. axb4 Ne6 30. Nc6 Qe8 31. Qc1 Nxd4 32. Ncxd4 Rxc2 33. Qxc2 Qf7 34. Ne5 Bxe5 35. fxe5 Qe7 36. Bc6 Bxc6 37. Nxc6 Qg5 38. Qd3 Kh8 39. e6 Qf6 40. Nd4 Qe5 41. Qa6 h6 42. Qc8+ Kh7 43. e7 Nd6 44. Qe6 Qxe6 45. Nxe6 Kg6 46. Nf4+ Kf7 1/2-1/2